000 01336nam a2200373 i 4500
001 768714001
003 CO-MdFUSB
005 20260326104846.0
007 ta
008 250923t2002 -us |||g |||| 00| 0 spa d
020 _a9780-311-46300-8
040 _aCO-MdFUSB
_bspa
_cCO-MdFUSB
_dCO-MdFUSBC
_erda
041 _aspa
_heng
082 _223
_a248.83
_bM135
100 _aMcDowell, Josh,
_eautor
240 _aThe disconnected generation.
245 _aLa generación desconectada :
_bcómo salvar a nuestra juventud de la autodestrucción
_c/ Josh McDowell , Ed Stewart ; traducido por Arnoldo Canclini
250 _aprimera edición
264 1 _aEl Paso, Texas, Estados Unidos :
_bMundo Hispano,
_c[2002]
264 4 _c©2002
300 _a288 páginas
_c; 21 cm
336 _2rdacontent
_atexto
_btxt
337 _2rdamedia
_asin mediación
_bn
338 _2rdacarrier
_avolumen
_bnc
505 _gLa desconexión generacional. -- Hacer la conexión. -- Conexión en su propio mundo. -- La conexión de fe.
563 _aRústico
650 0 _aVida cristiana
_919
653 _aJuventud --
_aRelaciones --
_aFamilia --
_aConexión
700 _aStewart, Ed,
_eautor
_912241
700 _aCanclini, Arnoldo,
_96055
_etraductor
942 _cBK
945 _aEstudiante Juan Eusse
999 _c71450
_d71450